Logo BPK

Biblioteka

Politechniki Koszalińskiej

Successful Polish-English translation : (Rekord nr 33310)

Szczegóły MARC
000 -ETYKIETA REKORDU
podpole kontrolne o stałej długości 00712nam a2200241 i 4500
001 - NUMER KONTROLNY REKORDU
pole kontrolne bg
020 ## - MIĘDZYNARODOWY ZNORMALIZOWANY NUMER KSIĄŻKI - ISBN
ISBN 8301125462
040 ## - ŹRÓDŁO KATALOGOWANIA
Instytucja, która utworzyła rekord BPK
041 0# - KOD JĘZYKA
Kod języka tekstu en
080 ## - UNIWERSALNA KLASYFIKACJA DZIESIĘTNA - UKD
UKD 811.162.1:811.111]'25
920 ## - Międzynarodowy znormalizowany numer książki – ISBN
ISBN 83-01-12546-2
008 - POLE O STAŁEJ DŁUGOŚCI - DANE KONTROLNE
podpole kontrolne o stałej długości s pl f |000 0 pol
100 1# - NAZWA OSOBOWA
Nazwa osobowa KORZENIOWSKA, Aniela
245 10 - TYTUŁ/ODPOWIEDZIALNOŚĆ
Tytuł Successful Polish-English translation :
Ciąg dalszy tytułu tricks of the trade /
Pozostałe elementy strefy tytułu i oznaczenia odpowiedzialności Aniela Korzeniowska, Piotr Kuhiwczak.
250 ## - STREFA WYDANIA
Oznaczenie wydania [Wyd.2].
260 ## - STREFA ADRESU WYDAWNICZEGO
Miejsce wydania Warszawa :
Nazwa wydawcy/dystrybutora Wydaw. Naukowe PWN,
Data publikacji, dystrybucji/powstania dokumentu 1998.
300 ## - STREFA OPISU FIZYCZNEGO
Objętość 194 s. ;
Rozmiary 21 cm.
504 ## - UWAGA DOTYCZĄCA BIBLIOGRAFII
Informacje o bibliografii Bibliogr. s. 191. - Indeks.
650 #9 - HASŁO PRZEDMIOTOWE W FORMIE NAZWY OGÓLNEJ LUB JEDNOSTKOWEJ
Nazwa ogólna lub geograficzna Język polski
Określnik ogólny przekłady angielskie
650 #9 - HASŁO PRZEDMIOTOWE W FORMIE NAZWY OGÓLNEJ LUB JEDNOSTKOWEJ
Nazwa ogólna lub geograficzna Przekłady angielskie
700 1# - HASŁO DODATKOWE - NAZWA OSOBOWA
Nazwa osobowa KUHIWCZAK, Piotr
942 ## - DODATKOWE ELEMENTY (KOHA)
Typ dokumentu Książka
Egzemplarze
Wycofany Status egzemplarza Uszkodzony Dostępność Lokalizacja stała Lokalizacja bieżąca Miejsce przechowywania Sygnatura Kod kreskowy Ostatnio wypożyczono Typ dokumentu
      Dostępny Biblioteka Politechniki Koszalińskiej Biblioteka Politechniki Koszalińskiej Wypożyczalnia BG 43397 01337525 26.11.2016 Książka
© 2023 Biblioteka Politechniki Koszalińskiej :: KOHA